logo

Bir Sreshtho Munshi Abdur Rouf Library
Jhenaidah Cadet College

বিশ্ববিদ্যালয়ের ইতিহাস আদিপর্ব / (Record no. 11114)

MARC details
000 -LEADER
fixed length control field 00800nam a2200229 a 4500
001 - CONTROL NUMBER
JCCL Control Number 11114
003 - CONTROL NUMBER IDENTIFIER
JCCL marc code BD-JhCC
005 - DATE AND TIME OF LATEST TRANSACTION
control field 20190730115013.0
008 - FIXED-LENGTH DATA ELEMENTS--GENERAL INFORMATION
fixed length control field 190630b 2018bg |||| ||a| 001 0 ben d
020 ## - INTERNATIONAL STANDARD BOOK NUMBER
International Standard Book Number 9789849302247
035 ## - SYSTEM CONTROL NUMBER
system control number (BD-JhCC)11114
040 ## - CATALOGING SOURCE
Original cataloging agency BD-JhCC
Modifying agency BD-JhCC
041 ## - LANGUAGE CODE
Language code of Book ben
082 ## - DEWEY DECIMAL CLASSIFICATION NUMBER
Classification number 378.42659
Author mark and Year BHU 2018
100 ## - MAIN ENTRY--PERSONAL NAME
Personal name ভট্টাচার্য্য, শিশির
245 ## - TITLE STATEMENT
Title বিশ্ববিদ্যালয়ের ইতিহাস আদিপর্ব /
Statement of responsibility, etc শিশির ভট্টাচার্য্য ।
260 ## - PUBLICATION, DISTRIBUTION, ETC. (IMPRINT)
Place of publication, distribution, etc ঢাকা:
Name of publisher, distributor, etc প্রথমা প্রকাশন;
Date of publication, distribution, etc ২০১৮.
300 ## - PHYSICAL DESCRIPTION
Pagination ২৮৭ পৃঃ . :
Dimensions ২২ সেমি.
650 ## - SUBJECT ADDED ENTRY--TOPICAL TERM
Topical term or geographic name as entry element Universities and collage
942 ## - ADDED ENTRY ELEMENTS (KOHA)
Source of classification or shelving scheme Dewey Decimal Classification
Koha item type Books
Holdings
Source of classification or shelving scheme Damaged status Not for loan Home library Current library Shelving location Date of accession Cost, normal purchase price Total Checkouts Full call number Barcode Date last seen Date checked out Copy number Koha item type
Dewey Decimal Classification     JCC Rouf Library JCC Rouf Library General Stacks 10/31/2023 364.00 1 378.42659 BHU 2018 14953 02/06/2024 10/31/2023 C-1 Books

JCC Library | Contacts | JCC Home

Last Update on 23 September 2017
Copyright @ 2017-2020 JCC Rouf Library
Rouf Library, Jhenidah Cadet College (JCC), Bangladesh